Gabbe's obstetrics : (Record no. 99094)

MARC details
000 -LEADER
fixed length control field 01344nam a22003857a 4500
003 - CONTROL NUMBER IDENTIFIER
control field URS
005 - DATE AND TIME OF LATEST TRANSACTION
control field 20260407142737.0
008 - FIXED-LENGTH DATA ELEMENTS--GENERAL INFORMATION
fixed length control field 260317b |||||||| |||| 00| 0 eng d
020 ## - INTERNATIONAL STANDARD BOOK NUMBER
International Standard Book Number 978-0-32393-727-6
040 ## - CATALOGING SOURCE
Language of cataloging English
Description conventions rda
Transcribing agency URS
050 00 - LIBRARY OF CONGRESS CALL NUMBER
Classification number RG524
Item number .G111 2025
245 00 - TITLE STATEMENT
Title Gabbe's obstetrics :
Remainder of title normal and problem pregnancies /
Statement of responsibility, etc Mark B. Landon MD...[and seven others].
246 30 - VARYING FORM OF TITLE
Title proper/short title Obstetrics
250 ## - EDITION STATEMENT
Edition statement 9th edition.
264 #1 - PUBLICATION, DISTRIBUTION, ETC. (IMPRINT)
Place of publication, distribution, etc Philadelphia, PA :
Name of publisher, distributor, etc Elsevier,
Date of publication, distribution, etc ©2025.
300 ## - PHYSICAL DESCRIPTION
Extent xvii, 1246 pages :
Other physical details color illustrations ;
Dimensions 28 cm.
336 ## - CONTENT TYPE
Content type term text
Content type code txt
Source rdacontent
337 ## - MEDIA TYPE
Media type term unmediated
Media type code n
Source rdamedia
338 ## - CARRIER TYPE
Carrier type term volume
Carrier type code nc
Source rdacarrier
504 ## - BIBLIOGRAPHY, ETC. NOTE
Bibliography, etc Includes bibliographical references and index.
650 #0 - SUBJECT ADDED ENTRY--TOPICAL TERM
Topical term or geographic name as entry element Obstetrics.
650 #0 - SUBJECT ADDED ENTRY--TOPICAL TERM
Topical term or geographic name as entry element Pregnancy.
650 #0 - SUBJECT ADDED ENTRY--TOPICAL TERM
Topical term or geographic name as entry element Childbirth.
650 #0 - SUBJECT ADDED ENTRY--TOPICAL TERM
Topical term or geographic name as entry element Pregnancy
General subdivision Complications.
700 1# - ADDED ENTRY--PERSONAL NAME
Personal name Landon, Mark B.,
Relator term editor.
700 1# - ADDED ENTRY--PERSONAL NAME
Personal name Galan, Henry L.,
Relator term editor.
700 1# - ADDED ENTRY--PERSONAL NAME
Personal name Jauniaux, Eric R.,
Relator term editor.
700 1# - ADDED ENTRY--PERSONAL NAME
Personal name Driscoll, Deborah A.,
Relator term editor.
700 1# - ADDED ENTRY--PERSONAL NAME
Personal name Berghella, Vincenzo,
Relator term editor.
700 1# - ADDED ENTRY--PERSONAL NAME
Personal name Grobman, William A.,
Relator term editor.
700 1# - ADDED ENTRY--PERSONAL NAME
Personal name Kilpatrick, Sarah Jestin,
Dates associated with a name 1955-
Relator term editor.
700 1# - ADDED ENTRY--PERSONAL NAME
Personal name Cahill, Alison G.,
Relator term editor.
775 08 - OTHER EDITION ENTRY
Display text Preceded by (work):
Title Obstetrics
Place, publisher, and date of publication Philadelphia, PA : Elsevier, [2017]
Record control number (DLC) 2016006912
942 ## - ADDED ENTRY ELEMENTS (KOHA)
Source of classification or shelving scheme Library of Congress Classification
Koha item type Reserved Books
Holdings
Withdrawn status Lost status Source of classification or shelving scheme Damaged status Not for loan Collection code Home library Current library Shelving location Date acquired Source of acquisition Cost, normal purchase price Total Checkouts Full call number Barcode Date last seen Copy number Cost, replacement price Price effective from Koha item type
    Library of Congress Classification     Non-fiction Taytay College Library Taytay College Library Medicine Collection 03/17/2026 Purchased 16074.00   RG524 .G111 2025 URSTAY-6077 03/17/2026 1 16074.00 03/17/2026 Reserved Books

University of Rizal System
Email us at univlibservices@urs.edu.ph

Visit our Website www.urs.edu.ph/library